| 000 | 00977 a2200253 4500 | ||
|---|---|---|---|
| 003 | OSt | ||
| 005 | 20180116192337.0 | ||
| 008 | 120524t xxu||||| |||| 00| 0 eng d | ||
| 010 | _a 2002073372 | ||
| 020 | _a0811836134 | ||
| 040 | _c0 | ||
| 082 | 0 | 0 | _a746.79041 |
| 100 | 1 |
_aDay, Susan, _91830 |
|
| 245 | 1 | 0 |
_aArt deco and modernist carpets / _cSusan Day. |
| 260 |
_aSan Francisco : _bChronicle Books, _c2002. |
||
| 300 |
_a224 p. : _bill. (some col.) ; _c33 cm. |
||
| 500 | _aIncludes bibliographical refrences and index | ||
| 650 | 0 |
_aCarpets _zEurope _xDesign _xHistory _y20th century. _91831 |
|
| 650 | 0 |
_aModernism (Art) _xInfluence. _91832 |
|
| 856 | 4 | 2 |
_3Publisher description _uhttp://www.loc.gov/catdir/enhancements/fy0722/2002073372-d.html |
| 856 | 4 | 2 |
_3Contributor biographical information _uhttp://www.loc.gov/catdir/enhancements/fy0738/2002073372-b.html |
| 942 |
_aSADA _cBK _k746.79041 DAY 2002 _2ddc |
||
| 999 |
_c352505 _d352505 |
||